000
00339nam a2200145Ia 4500
008
100122s9999 xx 000 0 und d
082
_b
6307
_a
823
100
_a
निरंतर ग भा
245
_a
भूकंप
260
_c
1924
300
_a
80
630
_a
भूकंप
730
_a
भूकंप
942
_c
BOOK
999
_c
399360
_d
399357